000 00608nam a22002057a 4500
003 DO-SdBNP
005 20171129152057.0
008 171117b 1996||| |||| 00| 0 spa d
020 _a9789682995248
040 _aBPMSU
_bspa
_cBPMSU
082 _axxxxx
_bxxxxx
100 1 _aCosta, Olga
245 1 0 _aUn espirítu sensible /
_cOlga Costa ; Lorena Zamora Betancourt
260 _aMéxico :
_bCorunda,
_c1996.
300 _a80 p. :
_bil. ;
_c17 cm.
500 _aIncluye notas al pie de las páginas
942 _2ddc
_cBK
945 _aInventariado extranjero / 2017 BT
956 _aBTAVAREZ
_b10
_c20171117
_d0038
999 _c12931
_d12931